[Event "Choose Your Opening Weapon"]
[Site "SchemingMind.com"]
[Date "2013.03.09"]
[Round "-"]
[White "GreeneKing"]
[Black "David Hartley"]
[Result "1/2-1/2"]
[WhiteCountry "SCO"]
[BlackCountry "ENG"]
[WhiteElo "1898"]
[WhiteRD "79"]
[BlackElo "1772"]
[BlackRD "66"]
[GameID "328317"]

1. d4 d5 2. Nf3 Nf6 3. Bf4 c6 4. e3 Bg4 5. Bd3 e6 6. Nbd2 Nbd7 7. h3 Bh5 8. g4 Bg6 9. Bxg6 hxg6 10. Ne5 Nxe5
11. Bxe5 Bd6 12. f4 Bxe5 13. fxe5 Nd7 14. Nf3 Qe7 15. Qd2 O-O-O 16. b3 Kb8 17. a4 c5 18. a5 Ka8 19. c4 dxc4 20. bxc4 Rc8
21. d5 exd5 22. Qxd5 Qe6 23. Qxe6 fxe6 24. Rd1 Rcd8 25. Rd6 Rhe8 26. Ke2 Nf8 27. Rhd1 Rxd6 28. Rxd6 Kb8 29. Ng5 Kc7 30. Kf3 Re7=
31. Kf4 Re8 32. h4 Kc8 33. Ne4 Kc7 34. Nxc5 b6 35. axb6+ axb6 36. Ne4 Ra8 37. c5 b5 38. Rb6 Rb8 39. Rxb8 Kxb8 40. Nd6 b4
41. Ke4 b3 42. Nc4 Kc7 43. Kd4 Nd7 44. e4 Nf8 45. Kc3=
1/2-1/2

[Event "Choose Your Opening Weapon"]
[Site "SchemingMind.com"]
[Date "2013.03.13"]
[Round "-"]
[White "GreeneKing"]
[Black "emvarela"]
[Result "1-0"]
[WhiteCountry "SCO"]
[BlackCountry "ARG"]
[WhiteElo "1898"]
[WhiteRD "79"]
[BlackElo "1731"]
[BlackRD "49"]
[GameID "328318"]

1. d4 Nf6 2. Nf3 e6 3. Bf4 c5 4. e3 Qb6 5. b3 Nc6 6. c3 d5 7. dxc5 Bxc5 8. b4 Be7 9. Bd3 O-O 10. a4 a5
11. b5 Nd8 12. Nbd2 Bd6 13. Ne5 Bxe5 14. Bxe5 Nd7 15. Bg3 e5 16. O-O e4 17. Bc2 Nc5 18. c4 Be6 19. Be5 f6 20. Bd4 Qd6
21. Nb3 Nxb3 22. Bxb3 dxc4 23. Bc2 Bd5 24. Qd2 Ne6 25. Bc3 Rfd8 26. Rfd1 Nc5 27. Bxa5 b6 28. Bb4 Qc7 29. a5 Nd3 30. axb6 Qb7
31. Bc3 Rxa1 32. Rxa1 Ra8 33. Rxa8+ Qxa8 34. Bd1 Qb7 35. Bd4 Qc8 36. Qa5 Qf5 37. Qd2 Bb7 38. Ba4 Nc5 39. Bxc5 Qxc5 40. Qd8+ Kf7
41. Qc7+ Qxc7 42. bxc7 Ke6 43. f3 exf3 44. gxf3 c3 45. Bc2 g6 46. Be4 Bc8 47. b6 Kd7 48. b7 Kxc7 49. bxc8=Q+ Kxc8 50. Kf2 Kc7
51. Ke2 f5 52. Bd5 Kd6 53. Bg8 h6 54. Bh7
1-0

[Event "Choose Your Opening Weapon"]
[Site "SchemingMind.com"]
[Date "2013.03.08"]
[Round "-"]
[White "GreeneKing"]
[Black "kenneth m day"]
[Result "1-0"]
[WhiteCountry "SCO"]
[BlackCountry "USA"]
[WhiteElo "1841"]
[WhiteRD "79"]
[BlackElo "1720"]
[BlackRD "53"]
[GameID "328319"]

1. d4 g6 2. Nf3 Bg7 3. Bf4 d6 4. e3 Nd7 5. Be2 Ngf6 6. Nc3 Nh5 7. Bg5 f6 8. Bh4 O-O 9. g4 g5 10. gxh5 gxh4
11. Nxh4 Rf7 12. Rg1 Kh8 13. Qd3 e5 14. Nf5 Bf8 15. h6 b6 16. Bh5 Bxh6 17. Bxf7 Qf8 18. Rg8+ Qxg8 19. Bxg8
1-0

[Event "Choose Your Opening Weapon"]
[Site "SchemingMind.com"]
[Date "2013.03.13"]
[Round "-"]
[White "GreeneKing"]
[Black "Michal Drus"]
[Result "1-0"]
[WhiteCountry "SCO"]
[BlackCountry "POL"]
[WhiteElo "1894"]
[WhiteRD "75"]
[BlackElo "1744"]
[BlackRD "66"]
[GameID "328320"]

1. d4 Nf6 2. Nf3 e6 3. Bf4 d5 4. e3 c5 5. c3 Nc6 6. Bd3 Nh5 7. Bg5 Be7 8. Bxe7 Qxe7 9. g4 Nf6 10. Ne5 Nxe5
11. dxe5 Nd7 12. f4 Qh4+ 13. Kd2 f6 14. Kc2 a6 15. Nd2 fxe5 16. fxe5 Nxe5 17. h3 b5 18. Be2 Bb7 19. Nf3 Qh6 20. Nxe5 d4
21. Bf3 O-O-O 22. Bxb7+
1-0

[Event "Choose Your Opening Weapon"]
[Site "SchemingMind.com"]
[Date "2013.03.08"]
[Round "-"]
[White "GreeneKing"]
[Black "simpet"]
[Result "1-0"]
[WhiteCountry "SCO"]
[BlackCountry "ENG"]
[WhiteElo "1797"]
[WhiteRD "79"]
[BlackElo "1612"]
[BlackRD "56"]
[GameID "328321"]

1. d4 f5 2. Bf4 Nf6 3. e3 e6 4. Nf3 Ng4 5. Qd2 Nc6 6. h3 Nf6 7. c3 Ne4 8. Qc2 Bd6 9. Bd3 Bxf4 10. exf4 b6
11. Nbd2 Nf6 12. O-O-O a6 13. Rde1 a5 14. Bxf5 Ne7 15. Bd3 Ba6 16. Bxa6 Rxa6 17. Ne4 Nfd5 18. Qe2 Nxf4 19. Qxa6 O-O 20. g3 Nfg6
21. Ne5 Nxe5 22. dxe5 Nc6 23. f4 d6 24. Qc4 Qd7 25. exd6 cxd6 26. Ng5 Nd8 27. Nxe6 Nxe6 28. Qxe6+ Qxe6 29. Rxe6 Rd8 30. Rd1
1-0

[Event "Choose Your Opening Weapon"]
[Site "SchemingMind.com"]
[Date "2013.03.09"]
[Round "-"]
[White "Archon"]
[Black "GreeneKing"]
[Result "0-1"]
[WhiteCountry "CAN"]
[BlackCountry "SCO"]
[WhiteElo "1675"]
[WhiteRD "53"]
[BlackElo "1841"]
[BlackRD "79"]
[GameID "328322"]

1. Nf3 Nc6 2. c4 e5 3. d3 Bb4+ 4. Bd2 d6 5. g3 Bc5 6. Bg2 Nge7 7. O-O O-O 8. Nc3 a6 9. a3 Bg4 10. b4 Ba7
11. Rb1 Qd7 12. a4 Bh3 13. b5 Nd8 14. Bh1 Bxf1 15. Qxf1 Rc8 16. Nh4 c6 17. Bg2 Ne6 18. Be3 Bd4 19. Bd2 Ng6 20. Nxg6 fxg6
21. Rc1 Rxf2 22. Qxf2 Bxf2+ 23. Kxf2 Rf8+ 24. Kg1 Nd4 25. Rf1 Rxf1+ 26. Bxf1 h5 27. h4 Qg4 28. Kh2 Qf5 29. Bh3 Qf2+ 30. Bg2 Nxe2
31. Nxe2 Qxe2
0-1

[Event "Choose Your Opening Weapon"]
[Site "SchemingMind.com"]
[Date "2013.03.09"]
[Round "-"]
[White "David Hartley"]
[Black "GreeneKing"]
[Result "0-1"]
[WhiteCountry "ENG"]
[BlackCountry "SCO"]
[WhiteElo "1772"]
[WhiteRD "66"]
[BlackElo "1898"]
[BlackRD "79"]
[GameID "328323"]

1. g3 d5 2. Nf3 Nc6 3. d4 Nf6 4. Bg2 Bf5 5. O-O Qd7 6. c3 g6 7. Nbd2 Bh3 8. Nb3 Bxg2 9. Kxg2 b6 10. Nbd2 Bg7
11. b3 O-O 12. Re1 Rad8 13. Nf1 Rfe8 14. Bb2 e5 15. dxe5 Ne4 16. N1d2 Qe6 17. Rb1 Nxe5 18. Qc2 Ng4 19. c4 Nexf2 20. Nf1 Ne4
21. Bxg7 Kxg7 22. cxd5 Rxd5 23. Qxc7 Re7 24. Qc1 h5 25. Ne3 Rc5 26. Qb2+ Kh7 27. Nxg4 Qxg4 28. Rbd1 Qc8 29. Rc1 Rd7 30. Rxc5 Nxc5
31. Rc1 Qb7 32. Kg1 Qd5 33. b4 Nd3 34. exd3 Qxf3 35. Rc8 Qe3+ 36. Kf1 Qxd3+ 37. Qe2 Qb1+ 38. Kg2 Qxb4 39. Rc2 Re7 40. Qf2 Qe4+
41. Qf3 Qxc2+
0-1

[Event "Choose Your Opening Weapon"]
[Site "SchemingMind.com"]
[Date "2013.03.13"]
[Round "-"]
[White "emvarela"]
[Black "GreeneKing"]
[Result "0-1"]
[WhiteCountry "ARG"]
[BlackCountry "SCO"]
[WhiteElo "1765"]
[WhiteRD "48"]
[BlackElo "1894"]
[BlackRD "75"]
[GameID "328324"]

1. e4 e5 2. Nf3 Nc6 3. Bb5 a6 4. Bxc6 dxc6 5. O-O Bg4 6. h3 Bh5 7. d3 Bc5 8. g4 Bg6 9. Nxe5 Qh4 10. Nxg6 hxg6
11. Qf3 O-O-O 12. Kg2 Ne7 13. Qg3 Bd6 14. Qxh4 Rxh4 15. f4 Rdh8 16. Rf3 f5 17. g5 Bc5 18. Be3 fxe4 19. dxe4 Bxe3 20. Rxe3 Rxf4
21. Nc3 Rhf8 22. Re2 c5 23. Rae1 Nc6 24. e5 Nd4 25. e6 Nxe2 26. Rxe2 R4f5 27. e7 Rxg5+
0-1

[Event "Choose Your Opening Weapon"]
[Site "SchemingMind.com"]
[Date "2013.03.09"]
[Round "-"]
[White "kenneth m day"]
[Black "GreeneKing"]
[Result "0-1"]
[WhiteCountry "USA"]
[BlackCountry "SCO"]
[WhiteElo "1791"]
[WhiteRD "48"]
[BlackElo "1894"]
[BlackRD "75"]
[GameID "328325"]

1. e4 e5 2. Nf3 Nc6 3. d4 exd4 4. c3 d5 5. exd5 Qxd5 6. cxd4 Bb4+ 7. Nc3 Nge7 8. Bd2 Bxc3 9. bxc3 O-O 10. Be2 Bf5
11. O-O Qd6 12. Re1 Ng6 13. Bc1 Rfe8 14. a4 Rad8 15. Ba3 Qf6 16. Bc1 h6 17. Qb3 Be4 18. Be3 Nce7 19. Nd2 Bc6 20. Rad1 Nf5
21. Bd3 Nxe3 22. Rxe3 Rxe3 23. fxe3 Qg5 24. e4 Qe3+ 25. Kh1 Qxd3 26. e5 Nf4 27. Nf3 Qe2
0-1

[Event "Choose Your Opening Weapon"]
[Site "SchemingMind.com"]
[Date "2013.03.13"]
[Round "-"]
[White "Michal Drus"]
[Black "GreeneKing"]
[Result "0-1"]
[WhiteCountry "POL"]
[BlackCountry "SCO"]
[WhiteElo "1744"]
[WhiteRD "66"]
[BlackElo "1894"]
[BlackRD "75"]
[GameID "328326"]

1. c4 e5 2. Nc3 Nc6 3. a3 Nf6 4. Nf3 d5 5. cxd5 Nxd5 6. e4 Nxc3 7. bxc3 Bg4 8. Bb5 Qf6 9. d4 Rd8 10. d5 h6
11. Be2 Nb8 12. h3 Bh5 13. g4 Bg6 14. g5 Qe7 15. gxh6 gxh6 16. Bb5+ c6 17. Bd3 Bh5 18. Be2 Bg7 19. Nxe5 Qxe5 20. Bxh5 Qxc3+
21. Kf1 Qxa1
0-1

[Event "Choose Your Opening Weapon"]
[Site "SchemingMind.com"]
[Date "2013.03.09"]
[Round "-"]
[White "simpet"]
[Black "GreeneKing"]
[Result "1-0"]
[WhiteCountry "ENG"]
[BlackCountry "SCO"]
[WhiteElo "1699"]
[WhiteRD "54"]
[BlackElo "1894"]
[BlackRD "75"]
[GameID "328327"]

1. e4 e5 2. Nf3 Nc6 3. Bc4 Bc5 4. Nc3 d6 5. h3 Qe7 6. Nd5 Qd8 7. d3 h6 8. Be3 Nd4 9. c3 Ne6 10. Bxc5 Nxc5
11. d4 Nxe4 12. dxe5 Be6 13. Qd4 Nc5 14. exd6 Qxd6 15. O-O-O O-O-O 16. Qxg7 Bxd5 17. Rxd5 Qf4+ 18. Kb1 Rxd5 19. Bxd5 Qf5+ 20. Kc1 Nd3+
21. Kd2 Nf4 22. Qf8+ Kd7 23. Qxf7+ Qxf7 24. Bxf7 Nf6 25. g3 N4d5 26. Ne5+ Kd6 27. f4 Rh7 28. Rd1 Ke7 29. c4 Nb6 30. b3 Rxf7
31. Nxf7 Kxf7 32. Ke3 Ke7 33. g4 c5 34. Kf3 Nc8 35. h4 Nd6 36. g5 hxg5 37. fxg5 Ng8 38. Kg4 Nf7 39. h5 Kf8 40. h6 Nfxh6+
41. gxh6 Nxh6+ 42. Kh5 Ng8 43. Kg6 Ne7+ 44. Kf6 Nc6 45. Rh1 Kg8 46. Rg1+ Kf8 47. Rg7 Nd8 48. Rc7 Ke8 49. Rxc5 Kd7 50. b4 b6
51. Rd5+ Kc7 52. b5 Nb7 53. Ke7 Nc5 54. Rd8 a5 55. Rd6 a4 56. Rc6+ Kb7 57. a3 Na6 58. Kd6 Nb8 59. Rc7+ Ka8 60. c5 bxc5
61. Kxc5 Na6+ 62. bxa6 Kb8 63. Rh7
1-0

[Event "Choose Your Opening Weapon"]
[Site "SchemingMind.com"]
[Date "2013.03.12"]
[Round "-"]
[White "Transcendent"]
[Black "Archon"]
[Result "0-1"]
[WhiteCountry "ENG"]
[BlackCountry "CAN"]
[WhiteElo "1712"]
[WhiteRD "76"]
[BlackElo "1675"]
[BlackRD "53"]
[GameID "328437"]

1. d4 d6 2. c4 e5 3. Nf3 e4 4. Ng5 f5 5. f3 Be7 6. Nh3 Nf6 7. e3 c6 8. Nc3 d5 9. Bd2 Be6 10. Nf4 Bf7
11. c5 b6 12. b4 a5 13. a3 axb4 14. axb4 bxc5 15. bxc5 Rxa1 16. Qxa1 O-O 17. Be2 Nbd7 18. O-O Qa8 19. fxe4 fxe4 20. g4 Rb8
21. Qxa8 Rxa8 22. g5 Ne8 23. h4 Nc7
0-1

[Event "Choose Your Opening Weapon"]
[Site "SchemingMind.com"]
[Date "2013.03.16"]
[Round "-"]
[White "Transcendent"]
[Black "David Hartley"]
[Result "0-1"]
[WhiteCountry "ENG"]
[BlackCountry "ENG"]
[WhiteElo "1694"]
[WhiteRD "79"]
[BlackElo "1772"]
[BlackRD "66"]
[GameID "328438"]

1. d4 d5 2. c4 e6 3. Nf3 Nf6 4. g3 Be7 5. Bg2 O-O 6. O-O Nbd7 7. Qc2 c6 8. b3 b6 9. Bf4 Ba6 10. Nbd2 Rc8
11. Rfe1 c5 12. Qb2 Re8 13. cxd5 Nxd5 14. Be5 Bf6 15. Bxf6 N5xf6 16. dxc5 Rxc5 17. Rac1 Qe7 18. Nd4 Rec8 19. Nc6 Qd6 20. Nxa7 R8c7
21. Rxc5 Qxc5 22. b4 Qc2 23. Qxc2 Rxc2 24. Ne4 Rxa2 25. b5 Bb7 26. Nxf6+ Nxf6 27. Bxb7 Rxa7 28. Bc6 Kf8 29. e4 Ke7
0-1

[Event "Choose Your Opening Weapon"]
[Site "SchemingMind.com"]
[Date "2013.03.13"]
[Round "-"]
[White "Transcendent"]
[Black "emvarela"]
[Result "1/2-1/2"]
[WhiteCountry "ENG"]
[BlackCountry "ARG"]
[WhiteElo "1712"]
[WhiteRD "76"]
[BlackElo "1779"]
[BlackRD "51"]
[GameID "328439"]

1. c4 Nf6 2. g3 g6 3. Bg2 Bg7 4. d4 d5 5. cxd5 Nxd5 6. Nc3 Nxc3 7. bxc3 c5 8. e3 Qc7 9. Ne2 cxd4 10. cxd4 Nc6
11. O-O O-O 12. Ba3 Qa5 13. Bxc6=
1/2-1/2

[Event "Choose Your Opening Weapon"]
[Site "SchemingMind.com"]
[Date "2013.03.11"]
[Round "-"]
[White "Transcendent"]
[Black "kenneth m day"]
[Result "0-1"]
[WhiteCountry "ENG"]
[BlackCountry "USA"]
[WhiteElo "1661"]
[WhiteRD "76"]
[BlackElo "1791"]
[BlackRD "48"]
[GameID "328440"]

1. Nf3 g6 2. d4 Bg7 3. c4 d6 4. g3 c5 5. d5 Nf6 6. Bg2 Bg4 7. Nfd2 Na6 8. h3 Bd7 9. Nc3 O-O 10. O-O e6
11. a3 exd5 12. cxd5 Re8 13. Nc4 b5 14. Nxd6 Nc7 15. Nxe8 Ncxe8 16. Bg5 Nd6 17. e4 h6 18. Bf4 Nc4 19. Qc2 Nh5 20. Bd2 Kh7
21. g4 Nf6 22. e5 Nxe5 23. f4 Nc4 24. Rfe1 Rb8 25. Rad1 Nd6 26. Ne4 Nfxe4 27. Bxe4 c4
0-1

[Event "Choose Your Opening Weapon"]
[Site "SchemingMind.com"]
[Date "2013.03.14"]
[Round "-"]
[White "Transcendent"]
[Black "Michal Drus"]
[Result "1-0"]
[WhiteCountry "ENG"]
[BlackCountry "POL"]
[WhiteElo "1712"]
[WhiteRD "76"]
[BlackElo "1733"]
[BlackRD "63"]
[GameID "328441"]

1. e4 c6 2. d4 d5 3. e5 c5 4. c3 cxd4 5. cxd4 Nc6 6. Nc3 Nh6 7. Bxh6 gxh6 8. Nf3 Rb8 9. Bb5 Bg4 10. h3 Be6
11. O-O Rg8 12. Kh2 a6 13. Bxc6+
1-0

[Event "Choose Your Opening Weapon"]
[Site "SchemingMind.com"]
[Date "2013.03.14"]
[Round "-"]
[White "Transcendent"]
[Black "GreeneKing"]
[Result "0-1"]
[WhiteCountry "ENG"]
[BlackCountry "SCO"]
[WhiteElo "1661"]
[WhiteRD "76"]
[BlackElo "1894"]
[BlackRD "75"]
[GameID "328442"]

1. c4 e5 2. g3 Bc5 3. Bg2 Qf6 4. e3 Ne7 5. Nc3 c6 6. Ne4 Qe6 7. Nxc5 Qxc4 8. Nb3 O-O 9. Ne2 d5 10. O-O Bg4
11. d3 Qb4 12. f3 Bh5 13. a3 Qb6 14. Nd2 Qxe3+ 15. Kh1 Qxd3 16. g4 Bg6 17. Ng3 Nd7 18. Nb3 Rfe8 19. Bd2 Qc2 20. Qxc2 Bxc2
21. Nc1 Nb6 22. Na2 Nc4 23. Bb4 Ne3 24. Rf2 d4
0-1

[Event "Choose Your Opening Weapon"]
[Site "SchemingMind.com"]
[Date "2013.03.11"]
[Round "-"]
[White "Transcendent"]
[Black "simpet"]
[Result "1-0"]
[WhiteCountry "ENG"]
[BlackCountry "ENG"]
[WhiteElo "1712"]
[WhiteRD "76"]
[BlackElo "1635"]
[BlackRD "57"]
[GameID "328443"]

1. d4 Nf6 2. c4 e5 3. dxe5 Ng4 4. Nf3 d6 5. Bg5 Qd7 6. exd6 Bxd6 7. c5 Nxf2 8. Qc2 Qc6 9. Kxf2 Bxc5+ 10. Ke1 Bf2+
11. Kd1 O-O 12. Qxc6 Nxc6 13. Nc3 f6 14. Bd2 Bf5 15. e4 Bg6 16. Bd3 Nb4 17. Bb1 Rad8 18. Ke2 Bc5 19. a3 Nc6 20. Ba2+ Kh8
21. Rhd1 Rfe8 22. Be3 Bxe3 23. Kxe3 Ne5 24. Nxe5 fxe5 25. Nd5 c5 26. Nc7 Rxd1 27. Rxd1 Rf8 28. Ne6 Rc8 29. Rd7
1-0

[Event "Choose Your Opening Weapon"]
[Site "SchemingMind.com"]
[Date "2013.03.12"]
[Round "-"]
[White "Archon"]
[Black "Transcendent"]
[Result "1/2-1/2"]
[WhiteCountry "CAN"]
[BlackCountry "ENG"]
[WhiteElo "1675"]
[WhiteRD "53"]
[BlackElo "1712"]
[BlackRD "76"]
[GameID "328444"]

1. Nf3 d5 2. e3 Nf6 3. b3 c5 4. Bb2 Nc6 5. Bb5 Bf5 6. O-O e6 7. Ne5 Qc7 8. f4 Bd6 9. Na3 O-O 10. Bxc6 bxc6
11. c4 Nd7 12. Nxd7 Qxd7 13. Nc2 Bxc2 14. Qxc2 a5 15. Qc3 f6 16. Qc2 Rae8 17. Rae1 Bc7 18. Rf3 d4 19. Rh3 f5 20. Qd1 e5
21. fxe5 Bxe5 22. exd4 Bxd4+ 23. Bxd4 cxd4 24. d3 g6 25. Qd2 Rxe1+=
1/2-1/2

[Event "Choose Your Opening Weapon"]
[Site "SchemingMind.com"]
[Date "2013.03.16"]
[Round "-"]
[White "David Hartley"]
[Black "Transcendent"]
[Result "1/2-1/2"]
[WhiteCountry "ENG"]
[BlackCountry "ENG"]
[WhiteElo "1772"]
[WhiteRD "66"]
[BlackElo "1694"]
[BlackRD "79"]
[GameID "328445"]

1. g3 d5 2. Nf3 Nf6 3. Bg2 c6 4. d4 Bf5 5. O-O e6 6. Nbd2 Bg6 7. Re1 Bd6 8. Nf1 O-O 9. Bd2 Nbd7 10. Ne3 Qc7
11. c3 c5 12. Nc2 Rac8 13. Rc1 c4 14. e3 h5 15. Nh4 Bh7 16. Bf3 g5 17. Ng2 g4 18. Be2 Ne4 19. Nf4 Bxf4 20. exf4 Ndf6
21. f3 Nxd2 22. Qxd2 Bf5 23. fxg4 Bxg4 24. Ne3 Bh3 25. Qd1 Kg7 26. Bxh5 Rh8 27. Bf3 Rcg8 28. Bg2 Kf8 29. Bxh3 Rxh3 30. Rf1 Ne4
31. Rf3 Qa5 32. a3 Qc7 33. Qe1 Qb6 34. Rc2 Qd6 35. Nf1 a5=
1/2-1/2

[Event "Choose Your Opening Weapon"]
[Site "SchemingMind.com"]
[Date "2013.03.13"]
[Round "-"]
[White "emvarela"]
[Black "Transcendent"]
[Result "1-0"]
[WhiteCountry "ARG"]
[BlackCountry "ENG"]
[WhiteElo "1765"]
[WhiteRD "48"]
[BlackElo "1661"]
[BlackRD "76"]
[GameID "328446"]

1. e4 c6 2. d4 d5 3. Nc3 dxe4 4. Nxe4 Bf5 5. Ng3 Bg6 6. h4 h6 7. Nf3 Nd7 8. h5 Bh7 9. Bd3 Bxd3 10. Qxd3 e6
11. Bf4 Qa5+ 12. Bd2 Bb4 13. Ne4 Ngf6 14. Nd6+ Ke7 15. Nxb7 Bxd2+ 16. Nxd2 Qb6 17. Qa3+ Ke8 18. Nd6+ Kd8 19. Nxf7+ Kc7 20. Qg3+ Kb7
21. Nd6+
1-0

[Event "Choose Your Opening Weapon"]
[Site "SchemingMind.com"]
[Date "2013.03.12"]
[Round "-"]
[White "kenneth m day"]
[Black "Transcendent"]
[Result "0-1"]
[WhiteCountry "USA"]
[BlackCountry "ENG"]
[WhiteElo "1720"]
[WhiteRD "53"]
[BlackElo "1712"]
[BlackRD "76"]
[GameID "328447"]

1. e4 c6 2. c4 d5 3. cxd5 cxd5 4. exd5 Nf6 5. Bb5+ Bd7 6. Bc4 Qc7 7. d3 a6 8. Nc3 b5 9. Bb3 a5 10. Be3 a4
11. Bc2 Na6 12. Rc1 e6 13. dxe6 fxe6 14. Nf3 Bd6 15. Ne4 O-O 16. Nxd6 Qxd6 17. Qd2 Rac8 18. O-O Nb4 19. Bb1 Nbd5 20. Bg5 Bc6
21. Rfe1 Ng4 22. g3 Ndf6 23. Qe3 Nxe3 24. Rxe3 Bxf3
0-1

[Event "Choose Your Opening Weapon"]
[Site "SchemingMind.com"]
[Date "2013.03.14"]
[Round "-"]
[White "Michal Drus"]
[Black "Transcendent"]
[Result "0-1"]
[WhiteCountry "POL"]
[BlackCountry "ENG"]
[WhiteElo "1733"]
[WhiteRD "63"]
[BlackElo "1712"]
[BlackRD "76"]
[GameID "328448"]

1. c4 c6 2. f3 d5 3. d4 dxc4 4. e4 b5 5. b3 cxb3 6. axb3 Bb7 7. Ke2 Nf6 8. Ba3 e6 9. Bxf8 Kxf8 10. Nc3 Nbd7
11. Kf2 a6 12. e5 Nd5 13. Nxd5 cxd5 14. h4 Rc8 15. g3 f6
0-1

[Event "Choose Your Opening Weapon"]
[Site "SchemingMind.com"]
[Date "2013.03.15"]
[Round "-"]
[White "GreeneKing"]
[Black "Transcendent"]
[Result "1-0"]
[WhiteCountry "SCO"]
[BlackCountry "ENG"]
[WhiteElo "1894"]
[WhiteRD "75"]
[BlackElo "1661"]
[BlackRD "76"]
[GameID "328449"]

1. d4 Nf6 2. Nf3 d5 3. Bf4 c5 4. c3 Qb6 5. Qc1 Nc6 6. e3 Bf5 7. Nh4 Bg6 8. dxc5 Qxc5 9. Nd2 e5 10. Nb3 Qd6
11. Nxg6 hxg6 12. Bg3 Ne4 13. Be2 Nxg3 14. fxg3 e4 15. O-O Ne5 16. Nd4 a6 17. Qc2 Be7 18. Qa4+ b5 19. Bxb5+
1-0

[Event "Choose Your Opening Weapon"]
[Site "SchemingMind.com"]
[Date "2013.03.11"]
[Round "-"]
[White "simpet"]
[Black "Transcendent"]
[Result "1-0"]
[WhiteCountry "ENG"]
[BlackCountry "ENG"]
[WhiteElo "1635"]
[WhiteRD "57"]
[BlackElo "1712"]
[BlackRD "76"]
[GameID "328450"]

1. e4 c6 2. d4 d5 3. e5 Bf5 4. Bd3 Bxd3 5. Qxd3 e6 6. Nf3 Qa5+ 7. Bd2 Qa6 8. Qxa6 Nxa6 9. a3 Ne7 10. Nh4 c5
11. c3 c4 12. O-O Ng6 13. Nxg6 hxg6 14. Bg5 Be7 15. Bxe7 Kxe7 16. Nd2 Rh6 17. b4 Rah8 18. h3 g5 19. Rfe1 g4 20. Re3 gxh3
21. gxh3 Rxh3 22. Rxh3 Rxh3 23. Rc1 Nc7 24. Kg2 Rd3 25. Nf1 Nb5 26. a4 Nxc3 27. a5 Ne2 28. Rb1 Rb3 29. Rxb3 cxb3 30. Nd2
1-0